Języki Urzędowe - Statystyki

Ogólne statystyki
  • Ten quiz został rozwiązany 149 razy
  • Średni wynik to 21 z 28
Statystyki odpowiedzi
Język Państwa % Poprawnych
Rosyjski Rosja
100%
Włoski Włochy
98%
Hiszpański Hiszpania
95%
Białoruś
93%
Kazachstan
86%
Argentyna
85%
San Marino
82%
Chile
80%
Watykan
79%
Kolumbia
78%
Peru
78%
Wenezuela
78%
Boliwia
75%
Meksyk
75%
Ekwador
73%
Urugwaj
73%
Paragwaj
72%
Szwajcaria
70%
Kostaryka
66%
Panama
66%
Kuba
64%
Salwador
64%
Honduras
63%
Dominikana
62%
Gwatemala
62%
Nikaragua
62%
Kirgistan
60%
Gwinea Równikowa
38%
Nie znaleziono quizów pasujących do podanych kryteriów
Rozkład punktacji
Procent ludzi z każdym wynikiem
Percentyl według liczby udzielonych odpowiedzi
Twoja historia wyników
Nie rozwiązałeś tego quizu